000 00407nam a2200145Ia 4500
008 090124s9999 xx 000 0 und d
082 _b21312
245 _a कंचन और कसोटी
250 _a1
260 _bचाँद चन्दनमल
_c1974
300 _a101
630 _a कंचन और कसोटी
730 _a कंचन और कसोटी
942 _cBOOK
999 _c181331
_d181331